00417 2200157 4500001002100000008004100021035002000062245005600082100001700138260002600155300002200181020002200203084001400225082000800239990001200247INLIS000000000002812 IND  a0010-0925000159 aRindu... Rindu... Serindu.. Rindunya!cFara Divanti aFara Divanti aJakartabNuansac2017 a174c(13 x 19 cm) a978-602-6409-25-6 a813 FAR r a813 a0755034